| 000 | 01064nam a2200265Ia 4500 | ||
|---|---|---|---|
| 003 | OSt | ||
| 005 | 20221005103833.0 | ||
| 006 | a|||||r|||| 00| 0 | ||
| 007 | ta | ||
| 008 | 221004b |||||||| |||| 00| 0 san d | ||
| 020 |
_a9788178543062 (hbk) _cINR 750.00 |
||
| 024 | _a29750 | ||
| 037 |
_b69, 07/03/2017, Mallika Books _cTextual |
||
| 040 |
_aCRL _cCRL _bsan |
||
| 041 |
_2san _asan |
||
| 082 | _aO15,2:g, 152Q6 | ||
| 100 | _aवर्मा, मधुलिका | ||
| 245 | 0 | _aसंस्कृत नाटकों में सूच्यांश की महत्ताः एक अनुशीलन | |
| 246 | _aSanskṛut nāṭakoan mean sūchyāansha kī mahattāah ek anushīlana | ||
| 260 |
_aदिल्ली _bईस्टर्न बुक लिंकर्स भारत _c2016 |
||
| 300 |
_a233पृ0 _ccm. |
||
| 650 | _aसंस्कृत नाटक | ||
| 942 |
_hO15,2:g, 152Q6 _cTEXL _2cc |
||
| 999 |
_c1011055 _d1011055 |
||